Catálogo público

Técnicas de laboratorio para el análisis de alimentos / (Record no. 173998)

MARC details
000 -CABECERA
campo de control de longitud fija 01170nam a2200337Ia 4500
001 - NÚMERO DE CONTROL
campo de control dia_3539
003 - IDENTIFICADOR DEL NÚMERO DE CONTROL
campo de control CHAP
005 - FECHA Y HORA DE LA ÚLTIMA TRANSACCIÓN
campo de control 20251027150725.0
008 - DATOS DE LONGITUD FIJA--INFORMACIÓN GENERAL
campo de control de longitud fija 220117s1986 xx 000 0 und d
010 ## - NÚMERO DE CONTROL DE LA BIBLIOTECA DEL CONGRESO
Número de control de LC 173998
020 ## - NÚMERO INTERNACIONAL ESTÁNDAR DEL LIBRO
Número Internacional Estándar del Libro 84-200-0006-X
040 ## - FUENTE DE LA CATALOGACIÓN
Centro/agencia transcriptor CHAP
082 ## - NÚMERO DE LA CLASIFICACIÓN DECIMAL DEWEY
Número de clasificación 543.1 P43 1986
100 ## - ENTRADA PRINCIPAL--NOMBRE DE PERSONA
Nombre de persona Pearson, D.
9 (RLIN) 86419
245 ## - MENCIÓN DE TÍTULO
Título Técnicas de laboratorio para el análisis de alimentos /
Mención de responsabilidad, etc. D. Pearson ; traducción C. Romero, J.L. Miranda y J. L. Suso
260 ## - PUBLICACIÓN, DISTRIBUCIÓN, ETC.
Lugar de publicación, distribución, etc. España :
Nombre del editor, distribuidor, etc. Acribia,
Fecha de publicación, distribución, etc. 1986
300 ## - DESCRIPCIÓN FÍSICA
Extensión 331 p.
500 ## - NOTA GENERAL
Nota general Título original: Laboratory tecniques in food analysis
503 ## - NOTA DE HISTORIA BIBLIOGRÁFICA (BK CF MU) [OBSOLETO]
Nota de historia bibliográfica I. 145616 (ej. 1) \I. 167268 (ej. 2) \I. 167269 (ej. 3) \C/e (ej. 4) \I. 188995 (ej. 5)
504 ## - NOTA DE BIBLIOGRAFÍA, ETC.
Nota de bibliografía, etc. Incluye bibliografía
590 ## - NOTA LOCAL (RLIN)
Nota local TP372.5 P43 1986
650 ## - PUNTO DE ACCESO ADICIONAL DE MATERIA--TÉRMINO DE MATERIA
Término de materia o nombre geográfico como elemento de entrada Alimentos
Subdivisión general Análisis
-- Manuales de laboratorio
9 (RLIN) 4167
650 ## - PUNTO DE ACCESO ADICIONAL DE MATERIA--TÉRMINO DE MATERIA
Término de materia o nombre geográfico como elemento de entrada Diagnóstico de laboratorio
9 (RLIN) 154869
700 ## - PUNTO DE ACCESO ADICIONAL--NOMBRE DE PERSONA
Nombre de persona Miranda, J.L., tr.
9 (RLIN) 154870
700 ## - PUNTO DE ACCESO ADICIONAL--NOMBRE DE PERSONA
Nombre de persona Romero, C., tr.
9 (RLIN) 154871
700 ## - PUNTO DE ACCESO ADICIONAL--NOMBRE DE PERSONA
Nombre de persona Suso, J. L., tr.
9 (RLIN) 154872
901 ## - ELEMENTOS DE DATOS A LOCAL LDA (RLIN)
a 543.1 P43 1986
902 ## - ELEMENTOS DE DATOS B LOCAL, LDB (RLIN)
a M
905 ## - ELEMENTOS DE DATOS E LOCAL, LDE (RLIN)
a 5232271986 sp nma 8222223322spa16
942 ## - ELEMENTOS DE PUNTO DE ACCESO ADICIONAL (KOHA)
Tipo de ítem Koha Libro
Fuente del sistema de clasificación o colocación Dewey Decimal Classification
Holdings
Estado de retiro Estado de pérdida Fuente del sistema de clasificación o colocación Estado dañado No para préstamo Código de colección Localización permanente Ubicación/localización actual Ubicación en estantería Fecha de adquisición Información codificada de la localización en otra ubicación Total de préstamos Código de barras Fecha visto por última vez Número de copia Precio válido a partir de Tipo de ítem Koha Restricciones de uso Fuente de adquisición Coste, precio normal de compra Número de inventario Signatura topográfica completa Fecha del último préstamo
    Dewey Decimal Classification     General Ingenieria Agroindustrial Ingenieria Agroindustrial   18/01/2022 1   dia_004307 18/01/2022 5 18/01/2022 Libro            
    Dewey Decimal Classification     General Ingenieria Agroindustrial Ingenieria Agroindustrial   21/06/1989   1 dia_003359 31/01/2023 1   Libro Préstamo interno Compra Librería Gaona F. 1688 / R. 22470 (17/04/1989) 68705.10 145616 543.1 P43 1986 31/01/2023
    Dewey Decimal Classification     General Ingenieria Agroindustrial Ingenieria Agroindustrial   28/05/1993   2 dia_003726 09/09/2024 2   Libro Préstamo 5 días Compra F. 091 / R. 224.00 167268 543.1 P43 1986 23/08/2024
    Dewey Decimal Classification     General Ingenieria Agroindustrial Ingenieria Agroindustrial   28/05/1993   2 dia_003727 23/08/2024 3   Libro Préstamo 5 días Compra F. 091 / R. 224.00 167269 543.1 P43 1986 23/08/2024
    Dewey Decimal Classification     General Ingenieria Agroindustrial Ingenieria Agroindustrial   04/10/1993     dia_003770 18/01/2022 4   Libro Préstamo 5 días Compra Librería Patena F. 238 / R. (04/10/1993) 89.00 C/e 543.1 P43 1986